Skróty straży pożarnej - Statystyki

Ogólne statystyki
  • Ten quiz został rozwiązany 347 razy
  • Średni wynik to 5 z 8
Statystyki odpowiedzi
Skrót Rozwinięcie % Poprawnych
OSP Ochotnicza Straż Pożarna
99%
PSP Państwowa Straż Pożarna
98%
JRG Jednostka Ratowniczo Gaśnicza
85%
KSRG Krajowy system ratowniczogaśniczy
65%
WSP Wojskowa Straż Pożarna
59%
GBA Gaśniczy Beczka Autopompa
54%
GCBA Gaśniczy ciężki Beczka Autopompa
52%
SD Specjalny Drabina
24%
Nie znaleziono quizów pasujących do podanych kryteriów
Rozkład punktacji
Procent ludzi z każdym wynikiem
Percentyl według liczby udzielonych odpowiedzi
Twoja historia wyników
Nie rozwiązałeś tego quizu